Water in the Kahuku area, Oahu, Hawaii /

Bibliographic Details
Main Authors: Takasaki, K. J. (Kiyoshi J.) (Author), Valenciano, Santos (Author)
Corporate Author: Hawaii. Division of Water and Land Development
Format: Government Document eBook
Language:English
Published: Washington, D.C. : United States Department of the Interior, Geological Survey, 1969.
Series:Geological Survey water-supply paper ; 1874.
Subjects:
Online Access:https://purl.fdlp.gov/GPO/gpo108292

MARC

Tag First Indicator Second Indicator Subfields
LEADER 00000cam a2200000Ii 4500
001 in00004013713
005 20190122120912.0
006 m o d f
007 cr n||||||||||
008 160923s1969 dcuab ob f000 0 eng
035 |a (OCoLC)ocn959017332 
040 |a COP  |b eng  |e rda  |e pn  |c COP  |d OCLCO  |d OCLCF  |d GPO  |d MERUC  |d GPO  |d MvI  |d UtOrBLW 
043 |a n-us-hi 
049 |a WWW 
074 |a 0625 (online) 
086 0 |a I 19.13:1874 
100 1 |a Takasaki, K. J.  |q (Kiyoshi J.),  |e author.  |0 http://id.loc.gov/authorities/names/n82131727 
245 1 0 |a Water in the Kahuku area, Oahu, Hawaii /  |c by K.J. Takasaki and Santos Valenciano. 
264 1 |a Washington, D.C. :  |b United States Department of the Interior, Geological Survey,  |c 1969. 
264 2 |a Washington, D.C. :  |b United States Government Printing Office 
300 |a 1 online resource (v, 59 pages,1 page of plates) :  |b illustrations, maps. 
336 |a text  |b txt  |2 rdacontent 
337 |a computer  |b c  |2 rdamedia 
338 |a online resource  |b cr  |2 rdacarrier 
490 1 |a Geological Survey water-supply paper ;  |v 1874 
500 |a Prepared in cooperation with the State of Hawaii, Department of Land and Natural Resources, Division of Water and Land Development. 
504 |a Includes bibliographical references. 
588 |a Description based on online resource, PDF version; title from title page (USGS, viewed Aug. 31, 2018). 
650 0 |a Hydrology  |z Hawaii  |z Oahu. 
650 7 |a Hydrology.  |2 fast  |0 (OCoLC)fst00965147 
651 7 |a Hawaii  |z Oahu.  |2 fast  |0 (OCoLC)fst01216587 
700 1 |a Valenciano, Santos,  |e author. 
710 2 |a Geological Survey (U.S.),  |e issuing body.  |0 http://id.loc.gov/authorities/names/n80092173 
710 1 |a Hawaii.  |b Division of Water and Land Development.  |0 http://id.loc.gov/authorities/names/n80051853 
776 0 8 |i Paper version:  |a Takasaki, K. J.  |t Water in the Kahuku area, Oahu, Hawaii  |w (OCoLC)110818 
830 0 |a Geological Survey water-supply paper ;  |v 1874.  |0 http://id.loc.gov/authorities/names/n86747816 
856 4 0 |u https://purl.fdlp.gov/GPO/gpo108292  |t 0 
999 f f |s 733e7def-e666-3fb2-8e15-4d98c25fbf7a  |i 037f59bd-c631-3088-bbd7-03c3c7ef3e18  |t 0 
952 f f |a Texas A&M University  |b College Station  |c Electronic Resources  |d Available Online  |t 0  |e I 19.13:1874  |h Superintendent of Documents classification 
998 f f |a I 19.13:1874  |t 0  |l Available Online